000 00316nam a22001457a 4500
003 OSt
020 _aNA
040 _c0
082 _222
_a669.9
100 _aAvner, Sidney H.
245 _aIntroduction to physical metalluragy /
260 _bMcGraw-Hill,
_cc1974.
300 _a696p. ;
_bill. ;
942 _2ddc
_cCIVIL
999 _c5383
_d5383